[Event "GER-chT U12"]
[Site "Seifhennersdorf"]
[Date "2001.12.27"]
[Round "2.3"]
[White "Hennig, Alexander"]
[Black "Garz, Richard"]
[Result "0-1"]
[WhiteElo "1142"]
[BlackElo "1318"]
[PlyCount "48"]
[EventDate "2001.12.27"]
[EventType "team"]
[EventRounds "7"]
[EventCountry "GER"]
[SourceTitle "EXT 2003"]
[Source "ChessBase"]
[SourceDate "2002.11.25"]
[SourceVersion "1"]
[SourceVersionDate "2002.11.25"]
[SourceQuality "1"]

1. e4 c5 2. Nf3 Nc6 3. d4 cxd4 4. Nxd4 g6 5. Nc3 Bg7 6. Nf3 b6 7. Bc4 Nf6 8. Bf4 Bb7 9. Qd2 0-0 10. 0-0-0 d6 11. Rhe1 Ng4 12. Bg3 Rc8 13. h3 Nge5 14. Bd5 Nxf3 15. gxf3 Na5 16. e5 Bxd5 17. Nxd5 Nc4 18. Qd4 dxe5 19. Bxe5 Nxe5 20. Rxe5 Bxe5 21. Qxe5 Re8 22. Nf6+ exf6 23. Rxd8 fxe5 24. Rd7 a5 0-1

[Event "GER-chT U12"]
[Site "Seifhennersdorf"]
[Date "2001.12.27"]
[Round "1.3"]
[White "Winkelmann, Elena"]
[Black "Hennig, Alexander"]
[Result "1-0"]
[WhiteElo "1547"]
[BlackElo "1142"]
[PlyCount "73"]
[EventDate "2001.12.27"]
[EventType "team"]
[EventRounds "7"]
[EventCountry "GER"]
[SourceTitle "EXT 2003"]
[Source "ChessBase"]
[SourceDate "2002.11.25"]
[SourceVersion "1"]
[SourceVersionDate "2002.11.25"]
[SourceQuality "1"]

1. d4 Nf6 2. c4 g6 3. Nc3 Bg7 4. e4 d6 5. f3 c6 6. Be3 d5 7. cxd5 cxd5 8. e5 Nfd7 9. Nxd5 Nxe5 10. dxe5 Qa5+ 11. Nc3 Qxe5 12. Qe2 Qc7 13. Qc4 Nc6 14. 0-0-0 Be6 15. Bf4 Qc8 16. Nd5 Bxd5 17. Rxd5 Nb4 18. Rc5 Nc6 19. Kb1 0-0 20. Ne2 Rd8 21. Nc3 Bd4 22. Rd5 Rxd5 23. Nxd5 Qf5+ 24. Bd3 Qd7 25. Re1 Rd8 26. Nb4 Nxb4 27. Qxb4 Bf2 28. Rd1 Qe6 29. Qe4 Qb6 30. Qe2 Bc5 31. Qc2 Rd4 32. Be3 Rxd3 33. Rxd3 Bxe3 34. Qc8+ Kg7 35. Qc3+ f6 36. Rxe3 Qd6 37. Qd3 1-0